000 00349nam a22001337a 4500
003 OSt
005 20120302144637.0
008 090330t xxu||||| |||| 00| 0 eng d
035 _a१८१८
040 _cमराठी
100 _aसाठे, शंकर गो.
_92670
245 _aससा आणि कासव
942 _2ddc
_cBOOK
999 _c487833
_d487830